An introduction to bispectral analysis and bilinear time series models /
Guardado en:
| Autor Principal: | |
|---|---|
| Otros Autores: | |
| Formato: | Libro |
| Idioma: | English |
| Publicado: |
New York :
Springer-Verlag,
1984.
|
| Series: | Lecture notes in statistics (Springer-Verlag) ;
v. 24. |
| Materias: | |
| Etiquetas: |
Agregar Etiqueta
Sin Etiquetas, Sea el primero en etiquetar este registro!
|
| LEADER | 00926pam a2200265 a 4500 | ||
|---|---|---|---|
| 001 | MAT.inmabb004847 | ||
| 008 | 840409s1984####nyua#####b####001#0#eng## | ||
| 005 | 20130410175432.0 | ||
| 245 | 1 | 3 | |a An introduction to bispectral analysis and bilinear time series models / |c T. Subba Rao, M. M. Gabr. |
| 260 | |a New York : |b Springer-Verlag, |c 1984. | ||
| 300 | |a vi, 280 p. : |b il. ; |c 25 cm. | ||
| 490 | 1 | |a Lecture notes in statistics ; |v 24 | |
| 504 | |a Bibliografía: p. [270]-275. | ||
| 510 | 4 | |a MR, |c 86e:62128 | |
| 020 | |a 3540960392 (Berlin : pbk.) | ||
| 020 | |a 0387960392 (New York : pbk.) | ||
| 100 | 1 | |a Subba Rao, T. | |
| 700 | 1 | |a Gabr, M. M. | |
| 830 | 0 | |a Lecture notes in statistics (Springer-Verlag) ; |v v. 24. | |
| 650 | 0 | |a Time-series analysis. | |
| 650 | 0 | |a Spectral theory (Mathematics) | |
| 084 | |a 62M15 (93E03) |2 msc2000 | ||
| 010 | |a 84005501 | ||
| 040 | |a DLC |c DLC |d DLC | ||
| 859 | |h 62 |i Su941 |p A-6025 |b BIB. MATEMATICA | ||
